Rola promocji w kształtowaniu wizerunku gmin / (Rekord nr 347)
| 000 -ETYKIETA REKORDU | |
|---|---|
| podpole kontrolne o stałej długości | 01678naa a2200217 i 4500 |
| 001 - NUMER KONTROLNY REKORDU | |
| podpole kontrolne | 347 |
| 003 - IDENTYFIKATOR NUMERU KONTROLNEGO REKORDU | |
| podpole kontrolne | KOSZ 005 |
| 005 - DATA OSTATNIEJ MODYFIKACJI REKORDU | |
| podpole kontrolne | 20171211150844.0 |
| 008 - POLE O STAŁEJ DŁUGOŚCI - DANE KONTROLNE | |
| podpole kontrolne o stałej długości | 151008s2006 pl f |000 0 pol |
| 040 ## - ŹRÓDŁO KATALOGOWANIA | |
| Instytucja, która utworzyła rekord | BPK |
| Instytucja, która dokonała modyfikacji | KOSZ 005/EG |
| 080 ## - UNIWERSALNA KLASYFIKACJA DZIESIĘTNA - UKD | |
| UKD | 005.336 |
| 100 1# - NAZWA OSOBOWA | |
| Nazwa osobowa | RATAJSKI, Ryszard. |
| Lata pracy | 1996 - . |
| Instytucja | Politechnika Koszalińska - Wydział Ekonomii i Zarządzania, |
| Wydział | Katedra Marketingu i Badań Rynkowych - Zakład Marketingu |
| 245 10 - TYTUŁ/ODPOWIEDZIALNOŚĆ | |
| Tytuł | Rola promocji w kształtowaniu wizerunku gmin / |
| Pozostałe elementy strefy tytułu i oznaczenia odpowiedzialności | Ryszard Ratajski, Jacek Borzyszkowski. |
| 500 ## - UWAGI OGÓLNE | |
| Tekst uwagi | Dane z autopsji. |
| 520 ## - UWAGA DOTYCZĄCA TREŚCI DOKUMENTU | |
| Analiza dokumentacyjna, adnotacja itp. | Coraz większe znaczenie nabiera promocja gminy. Stosowana jest obok konkretnych środków wspierania gospodarki i rozwoju strukturalnego. Stanowi ważny czynnik każdej strategii rozwojowej miasta czy gminy. Działania promocyjne stosowane przez władze gminy muszą być tak zaplanowane, aby ich realizacja była skuteczna i przynosiła efekty. W dzisiejszych czasach gmina nie będzie się rozwijać i budzić pozytywnego wizerunku wśród społeczeństwa, bez pomocy określonych środków promocyjnych. Dlatego ważne jest, aby strategia rozwoju gminy była opracowana należycie i zawierała szczegółowe wyznaczniki realizacji przyjętych celów. |
| 650 #0 - HASŁO PRZEDMIOTOWE W FORMIE NAZWY OGÓLNEJ LUB JEDNOSTKOWEJ | |
| Nazwa ogólna lub geograficzna | Marketing zaangażowany społecznie. |
| 650 #0 - HASŁO PRZEDMIOTOWE W FORMIE NAZWY OGÓLNEJ LUB JEDNOSTKOWEJ | |
| Nazwa ogólna lub geograficzna | Konkurencja. |
| 700 1# - HASŁO DODATKOWE - NAZWA OSOBOWA | |
| Nazwa osobowa | BORZYSZKOWSKI, Jacek. |
| Lata pracy | 1999 - . |
| Instytucja | Politechnika Koszalińska - Wydział Ekonomii i Zarządzania, |
| Wydział | Katedra Turystyki |
| 773 0# - TYTUŁ DOKUMENTU MACIERZYSTEGO | |
| Wyrażenie wprowadzające | W : |
| Tytuł | Szanse i wyzwania współczesnego marketingu : praca zbiorowa / pod red. Włodzimierza Delugi i Jacka Chotkowskiego. - |
| Adres wydawniczy | Koszalin : Wydaw. Polskiego Towarzystwa Ekonomicznego, 2006. - |
| Informacje dotyczące relacji | s. 177-187 |
| 942 ## - HASŁO DODATKOWE - ELEMENTY(KOHA) | |
| Typ dokumentu | Rozdział |
| Schemat klasyfikacji | Uniwersalna klasyfikacja dziesiętna |
| Wycofany | Zagubiony | Uszkodzony | Dostępność | Lokalizacja stała | Lokalizacja bieżąca | Sygnatura | Typ dokumentu |
|---|---|---|---|---|---|---|---|
| Dostępny | Bibliografia Prac Pracowników - BPK | Bibliografia Prac Pracowników - BPK | 84459 | Rozdział |
